LIBRARY & INFORMATION CENTRE, KCAET, TAVANUR

ONLINE PUBLIC ACCESS CATALOGUE (OPAC)

Adonais / (Record no. 5075)

MARC details
000 -LEADER
fixed length control field 00337cam a2200145ua 4500
041 ## - LANGUAGE CODE
Language code of text/sound track or separate title eng
082 ## - DEWEY DECIMAL CLASSIFICATION NUMBER
Classification number 821
Item number SHE/AD
100 ## - MAIN ENTRY--AUTHOR NAME
Personal name Shelly, .
245 ## - TITLE STATEMENT
Title Adonais /
260 ## - PUBLICATION, DISTRIBUTION, ETC. (IMPRINT)
Place of publication New York :
Name of publisher Universities Tutorials Press Ltd..
300 ## - PHYSICAL DESCRIPTION
Number of Pages 83 ; .
942 ## - ADDED ENTRY ELEMENTS (KOHA)
Koha item type Books
Holdings
Withdrawn status Lost status Damaged status Home library Current library Date acquired Full call number Accession Number Koha item type
Withdrawn     KAUAET Sanskrit University 07/04/2012 821 11534 Books
free website counter